Music Quiz

Random Music or This or That Quiz

One-Hit Wonder or Not Quiz Stats

 Plays Quiz Updated Oct 20, 2015

Challenge
Share
Tweet
Embed
Score 0/32 Timer 04:00
2 Plays Today
Artist and Best-Known Song One-Hit Wonder (Y/N) % Correct
Lou Bega (Mambo No. 5 (A Little Bit of …) -- #3, 1999)???
78.1%
Right Said Fred (I'm Too Sexy -- #1, 1991)???
74.9%
Dexys Midnight Runners (Come On Eileen -- #1, 1983)???
71%
Lipps, Inc. (Funkytown -- #1, 1980)???
69.7%
Starland Vocal Band (Afternoon Delight -- #1, 1976)???
68.9%
Norman Greenbaum (Spirit in the Sky -- #3, 1970)???
68.1%
Bertie Higgins (Key Largo -- #8, 1982)???
67.2%
Thomas Dolby (She Blinded Me with Science -- #5, 1983)???
65.8%
The Ides of March (Vehicle -- #2, 1970)???
65.1%
Sir Mix-a-Lot (Baby Got Back -- #1, 1992)???
64%
Alicia Bridges (I Love the Nightlife (Disco 'Round) -- #5, 1978)???
61.4%
Marc Cohn (Walking in Memphis -- #13, 1991)???
60.5%
Gloria Gaynor (I Will Survive -- #1, 1979)???
60.4%
Wild Cherry (Play That Funky Music -- #1, 1976)???
58.9%
Delbert McClinton (Giving It Up for Your Love -- #8, 1981)???
58.8%
Elvin Bishop (Fooled Around and Fell in Love -- #3, 1976)???
55.5%
Artist and Best-Known Song One-Hit Wonder (Y/N) % Correct
Devo (Whip It -- #14, 1980)???
49.6%
Procol Harum (A Whiter Shade of Pale -- #5, 1967)???
49%
The Knack (My Sharona -- #1, 1979)???
47.6%
a-ha (Take On Me -- #1, 1985)???
47%
Player (Baby Come Back -- #1, 1978)???
42.5%
Sugarloaf (Green-Eyed Lady -- #3, 1970)???
40.8%
The Kingsmen (Louie Louie -- #2, 1963)???
39.7%
Robbie Dupree (Steal Away -- #6, 1980)???
39%
Stealers Wheel (Stuck in the Middle with You -- #6, 1973)???
38.9%
Men Without Hats (The Safety Dance --#3, 1983)???
36.8%
The Left Banke (Walk Away Renee -- #5, 1966)???
34.8%
Strawberry Alarm Clock (Incense and Peppermints -- #1, 1967)???
33.9%
Hues Corporation (Rock the Boat -- #1, 1974)???
33.7%
Rupert Holmes (Escape (The Pina Colada Song) -- #1, 1979)???
33.2%
Tommy Tutone (867-5309 / Jenny -- #4, 1982)???
28.3%
Rockwell (Somebody's Watching Me -- #2, 1984)???
27.3%

You're not logged in!

Compare scores with friends on all Sporcle quizzes.
Join for Free
OR
Log In

You Might Also Like...

Show Comments

Extras

Top Quizzes Today


Score Distribution

Your Account Isn't Verified!

In order to create a playlist on Sporcle, you need to verify the email address you used during registration. Go to your Sporcle Settings to finish the process.

Report this User

Report this user for behavior that violates our Community Guidelines.

Details: